000 00632nam a2200181Ia 4500
008 100921s9999 xx 000 0 und d
082 _b35301
_a891.463 न 02
100 _aकाळे वैजयंती.
245 _aस्वामी सखा.
260 _bमंगल दीप प्रकाशन, पुणे.
_c2002
300 _a214
_bजयेश एजन्सी,पुणे.
365 _b185
520 _aललित-कादंबरी.
630 _aस्वामी सखा.
650 _aललित-कादंबरी.
730 _aस्वामी सखा.
942 _cBOOK
999 _c784414
_d784411